| 000 | 00427nam a2200169Ia 4500 | ||
|---|---|---|---|
| 008 | 231217s9999 xx 000 0 und d | ||
| 041 | _aEnglish | ||
| 082 | _a001.51 LIT;1 R | ||
| 100 | _aLittlejohn, Stephen, W | ||
| 245 | 0 | _aTheories of human communication | |
| 250 | _a7th ed. | ||
| 260 |
_c2002 _bWadsworth/Thomson Learning |
||
| 300 | _axiv,378 | ||
| 300 | _cCD919 | ||
| 650 | _aApplied industrial | ||
| 942 | _cAA | ||
| 999 |
_c169727 _d169727 |
||